| 000 | 00380nam a2200133 a 4500 | ||
|---|---|---|---|
| 001 | 5630 | ||
| 003 | CDMR | ||
| 005 | 20130116135310.0 | ||
| 008 | 130130s1997||||||||||||||||||||||||||||d | ||
| 040 |
_aCDMR _bcat _cCPC GIRONA |
||
| 245 | 0 |
_aTratado de la Unión Europea _bFirmado en Maastricht el 7 de febrero de 1992 |
|
| 260 |
_c1997 _bBanco Exterior de España y Argentaria |
||
| 942 | _cMON | ||
| 999 |
_c5630 _d5630 |
||